书目信息 |
| 题名: |
客户管理与账款回收
|
|
| 作者: | 谢旭 著 | |
| 分册: | ||
| 出版信息: | 北京 企业管理出版社 2001.04 |
|
| 页数: | 309页 | |
| 开本: | 21cm | |
| 丛书名: | 东方保理中心信用管理丛书 | |
| 单 册: | ||
| 中图分类: | F830.5 | |
| 科图分类: | ||
| 主题词: | 信用--风险管理 | |
| 电子资源: | ||
| ISBN: | 7-80147-527-5 | |
| 000 | 01012nam 22002657 455 | |
| 001 | 192004004496 | |
| 005 | 20070905094126.51 | |
| 010 | @a7-80147-527-5@dCNY19.80 | |
| 100 | @a20070604d2001 ekmy0chiy0121 ea | |
| 101 | 0 | @achi |
| 102 | @aCN@b110000 | |
| 105 | @aak z 000yy | |
| 200 | 1 | @a客户管理与账款回收@Ake hu guan li yu zhang kuan hui shou@e企业信用风险防范实例@f谢旭著 |
| 210 | @a北京@c企业管理出版社@d2001.04 | |
| 215 | @a309页@c图@d21cm | |
| 225 | 2 | @a东方保理中心信用管理丛书@Adong fang bao li zhong xin xin yong guan li cong shu |
| 300 | @a其他题名:客户企业信用风险防范实例 | |
| 330 | @a本书针对企业现实中急需解决的难点问题按五个篇章分别论述,即:信用管理制度、客户资信管理、业务的风险防范、托欠账款追收和风险外包服务。 | |
| 410 | 0 | @12001 @a东方保理中心信用管理丛书 |
| 517 | 1 | @a客户企业信用风险防范实例@Ake hu qi ye xin yong feng xian fang fan shi li |
| 606 | 0 | @a信用@x风险管理 |
| 690 | @aF830.5@v4 | |
| 701 | 0 | @a谢旭@Axie xu@4著 |
| 801 | 0 | @aCN@c20070905 |
| 905 | @dF830.5@eX478 | |
| 客户管理与账款回收:企业信用风险防范实例/谢旭著.-北京:企业管理出版社,2001.04 |
| 309页:图;21cm.-(东方保理中心信用管理丛书) |
| 其他题名:客户企业信用风险防范实例 |
| ISBN 7-80147-527-5:CNY19.80 |
| 本书针对企业现实中急需解决的难点问题按五个篇章分别论述,即:信用管理制度、客户资信管理、业务的风险防范、托欠账款追收和风险外包服务。 |
| ● |
| 相关链接 |
|
|
|
正题名:客户管理与账款回收
索取号:F830.5/X478
 
预约/预借
| 序号 | 登录号 | 条形码 | 馆藏地/架位号 | 状态 | 备注 |
| 1 | 617598 | 206175985 | 社科库409/422社科库 33排1列1层/ [索取号:F830.5/X478] | 在馆 | |
| 2 | 617599 | 206175994 | 社科库409/409社科库 51排3列4层/ [索取号:F830.5/X478] | 在馆 | |
| 3 | 617600 | 206176001 | 社科库409/409社科库 102排3列3层/ [索取号:F830.5/X478] | 在馆 |